Dúdase si en este caso se hace contra la Extravagante que prohibe la enajenación de los bienes eclesiásticos

Detalles Bibliográficos
Otros Autores: Antonio Dávila, Francisco Cornjeo, Juan de Salas, Cristóbal de Castro, Juan Chacón, Cristóbal de los Cobos, Benito de Robles, Diego Muñoz
Formato: Libro
Publicado: Segovia, Salamanca, 1664
Colección:Banco de datos
Acervo:Biblioteca Palafoxiana. Colección de Manuscritos
Descripción Física:1 f. ; 21 x 30 cm.
LEADER 00665nam a22002170004500
035 |a 1384 
245 1 0 |a Dúdase si en este caso se hace contra la Extravagante que prohibe la enajenación de los bienes eclesiásticos 
260 |a Segovia, Salamanca, 1664 
300 |a 1 f. ; 21 x 30 cm. 
700 1 |a Antonio Dávila 
700 1 |a Francisco Cornjeo 
700 1 |a Juan de Salas 
700 1 |a Cristóbal de Castro 
700 1 |a Juan Chacón 
700 1 |a Cristóbal de los Cobos 
700 1 |a Benito de Robles 
700 1 |a Diego Muñoz 
949 |a 32280/139 
942 |c PALAMANU 
943 |g Biblioteca Palafoxiana. Colección de Manuscritos 
999 |c 1069329  |d 1069329